000
00332nam a22001457a 4500
003
SGT
020
_a
978-1-4625-0959-1
082
_a
616.89
_b
P12M
100
_a
MARODA, KAREN J.
245
_a
PSYCHODYNAMIC TECHNIQUES
260
_a
NEW YORK
_b
THE GUILFORD
_c
2012
300
_a
274
650
_a
PSYCHOLOGY
942
_2
ddc
_c
BK
_0
1
999
_c
15049
_d
15049